Cristología y mujer. Una reflexión necesaria para una fe incluyente.

Guardat en:
Dades bibliogràfiques
Autor principal: Vélez Caro, Olga Consuelo (autora)
Format: Desconegut
Idioma:anglès
Publicat: Bogotá, Colombia: Pontificia Universidad Javeriana, 2018.
Edició:Primera edición.
Col·lecció:Colección Teología Hoy,
Matèries:
Etiquetes: Afegir etiqueta
Sense etiquetes, Sigues el primer a etiquetar aquest registre!

MARC

LEADER 00000 a2200000 4500
003 CL-VaPUC
005 20230412160940.0
008 230406t2018 ||||| |||| 00| 0 eng d
999 |c 439680  |d 439678 
020 |a 978-958-781-185-8 
040 |c Pontificia Universidad Católica de Valparaíso 
082 |2 22  |a 232.082 VEL 2018 
100 |a Vélez Caro, Olga Consuelo  |9 881251  |e autora 
245 |a Cristología y mujer.   |b Una reflexión necesaria para una fe incluyente.  
250 |a Primera edición.  
260 |a Bogotá, Colombia:   |b Pontificia Universidad Javeriana,   |c 2018.  
300 |a 215 páginas.  
490 |a Colección Teología Hoy,   |n  79.  
583 |k GC  |c 20230406 
650 0 |9 257649  |a Mujeres  |x Participación eclesial  |x Cristología  
650 0 |9 257649  |a Mujeres  |x aspectos religiosos, políticos y sociales  
650 0 |9 257603  |a Biblia  |x Interpretación feminista 
650 0 |9 257361  |a Cristianismo  |x Mujeres en la religión 
942 |2 ddc  |c BK 
952 |0 0  |1 0  |2 ddc  |4 0  |6 232_082000000000000_VEL_2018  |7 0  |8 A  |9 589486  |a BIBTEO  |b BIBTEO  |c GEN  |d 2023-04-05  |e 178  |g 7033.11  |i 5657003  |l 1  |o 232.082 VEL 2018  |p 5657003  |r 2025-01-17  |s 2023-11-09  |t 1  |v 7033.11  |w 2023-04-05  |y BK  |k ICR